| 000 | 00701cam a2200205 a 4500 | ||
|---|---|---|---|
| 001 | 000005746 | ||
| 005 | 20200929151751.0 | ||
| 008 | 800320s1969 pr a b 001 0 spa d | ||
| 040 |
_aDO-SdBNP _cDLC _dDLC _dBNPHU |
||
| 082 |
_a972.95 _bC947, 1969. |
||
| 245 | 0 | 0 |
_aCrónicas de Puerto Rico : _bdesde la conquista hasta nuestros días, 1493-1955 / _cselección, Eugenio Fernández Méndez. |
| 250 | _a2 a ed. | ||
| 260 |
_aRio Piedras, Puerto Rico : _bU.P.R., _c1969. |
||
| 300 |
_axx, 694 p. : _bil. ; _c23 cm. |
||
| 504 | _aIncluye bibliografía. | ||
| 651 | 4 |
_aPuerto Rico _xHistoria _91079 |
|
| 700 | 1 |
_aFernández Méndez, Eugenio. _916240 |
|
| 910 | _aCatalogación por copia / LC | ||
| 049 | _aBNGR | ||
| 999 |
_c5542 _d5542 |
||